000
00230nam a2200097Ia 4500
008
220204s9999 xx 000 0 und d
082
_a
331+334.1
_b
ILO
245
0
_a
ILO and co operatives
260
_a
Geneva
_b
ILO
_c
1966
942
_c
BK
999
_c
22099
_d
22099